Problemas del desarrollo: revista Latinoamericana de Economía /
Պահպանված է:
| Համատեղ հեղինակ: | |
|---|---|
| Ձևաչափ: | Գիրք |
| Լեզու: | Spanish |
| Հրապարակվել է: |
México, D.F.:
UNAM,
1969-
|
| Խորագրեր: | |
| Ցուցիչներ: |
Ավելացրեք ցուցիչ
Չկան պիտակներ, Եղեք առաջինը, ով նշում է այս գրառումը!
|
MARC
| LEADER | 00000nam a22000007a 4500 | ||
|---|---|---|---|
| 003 | cru CIDCACS/IIS | ||
| 005 | 20180208140126.0 | ||
| 007 | ta | ||
| 008 | 170419|1969 mx q||p|r||||||0| ||spa d | ||
| 999 | |c 19182 |d 19182 | ||
| 022 | |a 03017036 | ||
| 040 | |c cru CIDCACS/IIS | ||
| 090 | |a REV0815 | ||
| 110 | |9 2731 |a Universidad Nacional Autónoma de México. |b Instituto de Investigaciones Económicas | ||
| 245 | 1 | |a Problemas del desarrollo: |b revista Latinoamericana de Economía / |c UNAM | |
| 260 | |a México, D.F.: |b UNAM, |c 1969- | ||
| 270 | |a Torre II de Humanidades, 5to. piso, cubìculo 515, Ciudad Universitaria, C.P. 04510, |d México, D.F. |m revprode@servidor.unam.mx | ||
| 310 | |a Trimestral | ||
| 500 | |a EXISTENCIAS :1971-1976 2-7 (9-28) 1977-1979 8-10 (29-39) 1980 11 (41, 44) 1981 12 (45-46) 1982-1983 13-14 (49-56) 1984-1987 15-18 (58-68) 1990 21 (80-82) 1991 22 (84-87) 1992 23 (88-91) 1993 24 (92-95) 1994 25 (96-99) 1995 26 (100-103) 1996 27 (104-105) 1998 29 (115) 1999 30 (116-119) 2000 31 (120-123) 2001 32 (124-127) 2002 33 (128-130) 2003 34 (132-136) 2004 35 (137-139 2005 36 (140-143) 2006 37(144,145,146) ; 1(1-2) Edición Cono Sur 2007 38(148, 149,151); 2(3, 4) Edición Cono Sur 2008 39(152, 153, 154) 2008 39(155) 2010 41 (161-163) 2011 42 (164-167) 2012 43 (169) | ||
| 650 | 1 | 0 | |9 2520 |a CRISIS |
| 650 | 1 | 0 | |9 71 |a DESARROLLO ECONOMICO Y SOCIAL |
| 650 | 1 | 0 | |9 93 |a AGRICULTURA |
| 650 | 4 | |9 1919 |a REFORMA AGRARIA | |
| 942 | |2 ddc |c PP | ||
